Catálogo

Tumors of the soft tissues / (Registro nro. 25618)

Detalles MARC
000 -LEADER
fixed length control field 01003cam a2200277 i 4500
001 - CONTROL NUMBER
control field 25618
003 - CONTROL NUMBER IDENTIFIER
control field Mx-PuUPA
005 - DATE AND TIME OF LATEST TRANSACTION
control field 20220510154724.0
008 - FIXED-LENGTH DATA ELEMENTS--GENERAL INFORMATION
fixed length control field 140415s1997 waua r 000 0 eng d
040 ## - CATALOGING SOURCE
Original cataloging agency Mx-PuUPA
Language of cataloging spa
Transcribing agency Mx-PuUPA
Modifying agency Mx-PuUPA
Description conventions rda
041 0# - LANGUAGE CODE
Language code of text/sound track or separate title eng
100 1# - MAIN ENTRY--PERSONAL NAME
Personal name Lattes, Raffaele,
Dates associated with a name 1910-
Relator term autor
9 (RLIN) 8762
245 10 - TITLE STATEMENT
Title Tumors of the soft tissues /
Remainder of title by Raffaele Lattes
264 #1 - PRODUCTION, PUBLICATION, DISTRIBUTION, MANUFACTURE, AND COPYRIGHT NOTICE
Place of production, publication, distribution, manufacture Washington :
Name of producer, publisher, distributor, manufacturer Armed Forces Institute of Pathology,
Date of production, publication, distribution, manufacture, or copyright notice 1982
300 ## - PHYSICAL DESCRIPTION
Extent 264 páginas :
Other physical details ilustraciones (algunas a color) ;
Dimensions 27 cm.
336 ## - CONTENT TYPE
Content type term texto
Fuente rdacontent
Content type code txt
337 ## - MEDIA TYPE
Media type term sin medio
Source rdamedia
Media type code n
338 ## - CARRIER TYPE
Carrier type term volumen
Source rdacarrier
Carrier type code nc
490 0# - SERIES STATEMENT
Series statement Atlas of tumor pathology ; Second series
Volume/sequential designation fascicle 1 / Revised
650 #4 - SUBJECT ADDED ENTRY--TOPICAL TERM
Topical term or geographic name entry element Tumores
Form subdivision Atlas
650 #4 - SUBJECT ADDED ENTRY--TOPICAL TERM
Topical term or geographic name entry element Histología patológica
Form subdivision Atlas
942 ## - ADDED ENTRY ELEMENTS (KOHA)
Source of classification or shelving scheme Dewey Decimal Classification
Koha item type Libro
Classification part 616.994
Item part L351
Existencias
Withdrawn status Lost status Source of classification or shelving scheme Damaged status Not for loan Collection code Home library Current library Shelving location Date acquired Source of acquisition Total Checkouts Full call number Barcode Date last seen Price effective from Koha item type
    Dewey Decimal Classification     General Biblioteca Karol Wojtyla Biblioteca Karol Wojtyla Sala general 03/12/2013 Compra   616.994 L351 1982 47682 05/01/2026 03/12/2013 Libro